Quizzes
Events
Quiz Creation
Community
Videos
Private Events
Remove Ads
Sign In
Join for FREE
Feedback
Dark Mode
Quiz Categories
Sports
Geography
Music
Movies
Television
Just For Fun
Miscellaneous
History
Literature
Language
Science
Gaming
Entertainment
Religion
Holiday
For Kids
Quiz Lab
Recent
Popular Today
Quiz Kudos Today
Editor Picks
Curator Picks
Quizzes by...
Day
Popularity
Type
Ratings
Length
Year
Community
Subscriptions
Recent Discussions
Orange Saloon
Badges
Playlists
Quests
Create
Leaderboards
Showdown
Live 5
Trivia Bingo
Activity
Puzzle Library
Sporcle Events
Private Events
Virtual Trivia
Globe League
Become a Host
Pub Owners
SporcleCon
Opinionation
Our Games
Videos
Blog
Mobile Apps
Partnerships
Remove Ads and Go Orange
Feedback
Movies
Disney
Marvel Cinematic Universe
Movie Resume
Movie Titles
Oscar
Actor
Actress
Director
Pixar
Role
Movie Quotes
Movie Characters
Box Office
Nominee
Best Picture
Star Wars
James Bond
Horror Movies
Movies
Disney
Marvel Cinematic Universe
Movie Resume
Movie Titles
Oscar
Actor
Actress
Director
Pixar
Role
Movie Quotes
Movie Characters
Box Office
Nominee
Best Picture
Star Wars
James Bond
Horror Movies
Random Quiz
Search Sporcle
×
Curator Pick
Curator Pick
Movies
Actor
Type in answers that appear in a list
Type in answers that appear in a list
Classic
Best Score? Go Orange.
Actors by Most Best Picture Oscar Appearances Stats
Can you name the actors by most Best Picture Oscar appearances?
By
Jareeve
8m
19 Questions
381 Plays
381 Plays
381 Plays
Comments
Comments
Give Quiz Kudos
Give Quiz Kudos
-
- Ratings
hide this ad
Replay
Link that replays current quiz
Next Quiz
Link to next quiz in quiz playlist
You Got
0%
They Got
Avg Score
52%
Avg Friend Score
Upgrade to see
Score Distribution
Jump to the score distribution portion of the page
Score
0/19
Timer
08:00
0
Plays Today
Best Pictures
Actor
% Correct
Midnight Cowboy, Kramer vs. Kramer, Rain Man
Dustin Hoffman
92.4%
Driving Miss Daisy, Unforgiven, Million Dollar Baby
Morgan Freeman
90.8%
One Flew Over the Cuckoo's Nest, Terms of Endearment, The Departed
Jack Nicholson
90.3%
It Happened One Night, Mutiny On the Bounty, Gone With the Wind
Clark Gable
90%
The Deer Hunter, Kramer vs. Kramer, Out of Africa
Meryl Streep
89.2%
The Godfather, The Godfather Part II, Annie Hall
Diane Keaton
87.1%
Schindler's List, The English Patient, The Hurt Locker
Ralph Fiennes
84.5%
The English Patient, Shakespeare in Love, The King's Speech
Colin Firth
76.1%
The Godfather, The Godfather Part II, Rocky
Talia Shire
68.2%
Around the World in Eighty Days, The Apartment, Terms of Endearment
Shirley MacLaine
59.1%
Best Pictures
Actor
% Correct
The Godfather, The Godfather Part II, The Deer Hunter
John Cazale
58.8%
Around the World in Eighty Days, Chariots of Fire, Gandhi
John Gielgud
23.1%
Ben-
Hur, Tom Jones, Oliver!
Hugh Griffith
23.1%
Mutiny On the Bounty, The Life of Emile Zola, How Green Was My Valley
Donald Crisp
15.5%
The Bridge On the River Kwai, Ben-
Hur, Lawrence of Arabia,
Jack Hawkins
14.4%
Gandhi, Titanic, The Lord of the Rings: The Return of the King
Bernard Hill
14.2%
Rain Man, No Country For Old Men, The Artist
Beth Grant
13.9%
The Life of Emile Zola, You Can't Take It With You, Gone With the Wind
Henry Davenport
1.8%
Lawrence of Arabia, A Man For All Seasons, Patton
Jack Gwillim
1.3%
Quiz Playlist
Details
Report
Send in Message
Add To Playlist
Classic:
Type in answers that appear in a list
Last Updated: Feb 16, 2017
Curator Pick in
Best Picture
Quiz Scoreboard
CHALLENGE
Sign Up to Join the Scoreboard
Show All
Scores
Hide
Comments
May contain spoilers
Recently Published
College Basketball Coaching Resumes
by pancakes188
Sports
9m
Billboard Blitz: Fleetwood Mac
by CooCooCachoo
Music
15s
Presidents Visiting Landmarks
by Hejman
History
7m
More to Explore
Quiz From the Vault
Featured Blog Post
Where Did the Easter Bunny Come From?
hide this ad
You Might Also Like...
Tags
Actor Quiz
Actress Quiz
Best Picture Quiz
Oscar Quiz
appearance
Oscar Winners
Today's Top Quizzes in Movies
Browse Movies
hide this ad
Today's Top Quizzes in Actor
Browse Actor
Top Contributed Quizzes in Movies
1
Pick 5 Posters: Directed by Spielberg
2
7-to-1: Pixar Characters
3
Pick 5 Posters: Lowest-Rated Spielberg
4
Sorting Actors
5
Pick 5 Posters: Directed by Scorsese
6
Sorting Actresses
7
Pick 5 Posters: Star & Director
8
Pick 5 Posters: Women Directed 2020s
9
12 Movies about Fictional 1960s Events
10
Multi-Oscar Nominations, One Movie, One Winner
Explore More
Trending Topics
NBA
Kpop
Harry Potter
Disney
Crossword
Marvel
Anime
Puzzle
NFL
The Office
Country
WWE
Song
Soccer
Pokémon
hide this ad
More By:
Jareeve
Quiz
Plays
Rating
Category
Featured
Created
Follow That Line: 'Willy Wonka & the Chocolate Factory'
35,264
4.74
Movies
Nov 21, 2015
Disney Tears
9,523
4.10
Movies
Apr 15, 2015
Best Picture Nominated Musicals
6,041
4.39
Movies
Mar 17, 2015
Best Picture Nominated World War II Movies
3,467
4.81
Movies
Mar 26, 2015
Best Picture Nominated Comedies
2,717
4.87
Movies
Mar 22, 2016
Go to Creator's Profile
Score Distribution
Quiz Creator Spotlight
Jareeve
Follow
Send a Message
Quizzes Created
-
Created Quiz Play Count
-
More By This Creator
Popular Quizzes Today
1
Find the US States - No Outlines Minefield
2
Find the Countries of Europe - No Outlines Minefield
3
The Countries of the World
4
Find the US States
5
Risky Map Clicking: Biggest States A-Z
6
US States
7
Popular People in 1961
8
Movies - When Are They Set?
More Movies Quizzes
Oscar Nominees: 1985
Quiz Lab
Trending Quizzes
Risky Map Clicking: Least Populous States A-Z
1-10 Letter G Words
1-10 Letter F Words
Risky Map Clicking: Next State Alphabetically
Risky Map Clicking: Biggest States A-Z
Recently Updated
Leaping Animals
pecheneg
Reality TV Shows (A-Z)
bhenderson79
Rickey Henderson's Hall of Fame Teammates
pecheneg
Champions League XIs: Arsenal
pecheneg
Quick Pick: Celebrities in WWE's Hall of Fame
aduchscher
A-Z Keypad Blitz II
pecheneg
Multiple Oscar Actors
pecheneg
Mystery Phrase Blitz: Oscar 'Best Actors'
pecheneg
F. Scott Fitzgerald Novels
LTH
Pick 3 Villains
ddd62291
Trending Topics
Anime
Harry Potter
Kpop
Disney
Crossword
Marvel
NBA
NFL
Song
Soccer
Puzzle
Pokémon
Country
The Office
WWE
Your Account Isn't Verified!
In order to create a playlist on Sporcle, you need to verify the email address you used during registration. Go to your
Sporcle Settings
to finish the process.
Report this User
Report this user for behavior that violates our
Community Guidelines
.
Details:
Send Report
Go to the Sporcle.com Mobile Site →
Comments